Declamaciones vigintiquinque in evangelia, quae juxta ritum sanctae romanae ecclesiae, per singulos dominicos dies, ...

Detalles Bibliográficos
Autor principal: OROZCO, Alfonso de
Formato: Libro
Publicado: Salamanca 1571
Materias:
Colección:Banco de datos
Acervo:Biblioteca del Convento de San Pablo. Yuririahupándaro. Guanajuato
Tema general:Homilética
Notas:Regular. No identificada 1. 2B, 1, 47 (4733 1B1).
LEADER 00768nam a22001930004500
035 |a 34468 
036 |a 109 
100 1 |a OROZCO, Alfonso de 
245 1 0 |a Declamaciones vigintiquinque in evangelia, quae juxta ritum sanctae romanae ecclesiae, per singulos dominicos dies, ... 
260 |a Salamanca  |b Simón de Portonariis ed., Matías Gastio imp.  |c 1571 
500 |a Regular. No identificada 1. 2B, 1, 47 (4733 1B1). 
650 1 0 |a Homilética 
949 |a CRG-CY 
959 |a Ex convento de San Pablo, Museo Regional de Yuririahpúndaro, Guanajuato  |b CCC9 
960 |a Convento San Pablo Yuririahpúndaro, Guanajuato  |b DD86 
961 |a Agustina  |b OA 
942 |c CRG-CY 
943 |g Biblioteca del Convento de San Pablo. Yuririahupándaro. Guanajuato 
999 |c 955134  |d 955134